ბათუმის შოთა რუსთაველის სახელმწიფო უნივერსიტეტის ბიბლიოთეკა

Essentials of intellectual disability assessment and identification / (ბიბ.ჩანაწერი № 57891)

000 -LEADER
fixed length control field 01545cam a2200325 i 4500
001 - CONTROL NUMBER
control field 18972148
005 - DATE AND TIME OF LATEST TRANSACTION
control field 20210326171102.0
008 - FIXED-LENGTH DATA ELEMENTS--GENERAL INFORMATION
fixed length control field 160211s20162016nju 001 0 eng
020 ## - INTERNATIONAL STANDARD BOOK NUMBER
International Standard Book Number 9781118875094 (paperback)
041 ## - LANGUAGE CODE
Language code of text/sound track or separate title eng
080 ## - UNIVERSAL DECIMAL CLASSIFICATION NUMBER
Universal Decimal Classification number 364+159 B-90
100 ## - MAIN ENTRY--PERSONAL NAME
Personal name Brue, Alan W.,
9 (RLIN) 10768
245 10 - TITLE STATEMENT
Title Essentials of intellectual disability assessment and identification /
Statement of responsibility, etc. Alan W. Brue, Linda Wilmshurst.
264 #4 - PRODUCTION, PUBLICATION, DISTRIBUTION, MANUFACTURE, AND COPYRIGHT NOTICE
Date of production, publication, distribution, manufacture, or copyright notice 2016.
Place of production, publication, distribution, manufacture Hoboken, New Jersey :
Name of producer, publisher, distributor, manufacturer John Wiley & Sons, Inc.,
300 ## - PHYSICAL DESCRIPTION
Extent 174 pages ;
Dimensions 22 cm.
490 0# - SERIES STATEMENT
Series statement Essentials of psychological assessment
504 ## - BIBLIOGRAPHY, ETC. NOTE
Bibliography, etc. note bibliographical (pages 157-165) and index.
650 #0 - SUBJECT ADDED ENTRY--TOPICAL TERM
Topical term or geographic name entry element Mental retardation.
9 (RLIN) 10769
650 #0 - SUBJECT ADDED ENTRY--TOPICAL TERM
Topical term or geographic name entry element Developmental disabilities.
9 (RLIN) 10770
650 #0 - SUBJECT ADDED ENTRY--TOPICAL TERM
Topical term or geographic name entry element Intelligence tests.
9 (RLIN) 10771
650 #0 - SUBJECT ADDED ENTRY--TOPICAL TERM
Topical term or geographic name entry element Educational tests and measurements.
9 (RLIN) 10772
650 #7 - SUBJECT ADDED ENTRY--TOPICAL TERM
Topical term or geographic name entry element PSYCHOLOGY / Assessment, Testing & Measurement.
Source of heading or term bisacsh
9 (RLIN) 10773
653 ## - INDEX TERM--UNCONTROLLED
keyword ინტელექტუალური უნარშეზღუდულობის შეფასების და იდენტიფიკაციის საფუძვლები
653 ## - INDEX TERM--UNCONTROLLED
keyword ფსიქოლოგია
653 ## - INDEX TERM--UNCONTROLLED
keyword განვითარების შეზღუდული შესაძლებლობები
653 ## - INDEX TERM--UNCONTROLLED
keyword გონებრივი ჩამორჩენა
700 1# - ADDED ENTRY--PERSONAL NAME
Personal name Wilmshurst, Linda,
Relator term ავტორი
9 (RLIN) 10774
856 42 - ELECTRONIC LOCATION AND ACCESS
Materials specified Cover image
Uniform Resource Identifier http://catalogimages.wiley.com/images/db/jimages/9781118875094.jpg
942 ## - ADDED ENTRY ELEMENTS (KOHA)
Source of classification or shelving scheme
Koha item type წიგნი
ეგზემპლარები
Withdrawn status Lost status Source of classification or shelving scheme Damaged status Not for loan Permanent Location Current Location Shelving location Date acquired Cost, normal purchase price Full call number Barcode Date last seen Copy number Price effective from Koha item type Public note
          ბათუმის შოთა რუსთაველის სახელმწიფო უნივერსიტეტის მთავარი ბიბლიოთეკა ბათუმის შოთა რუსთაველის სახელმწიფო უნივერსიტეტის მთავარი ბიბლიოთეკა წიგნსაცავი 2021-03-26 158.00 364+159 B-90 61274 2021-03-26 61274 2021-03-26 წიგნი 158 ლ.